000
00317nam a2200157Ia 4500
100
_a
Sahgal/Nayantara
650
_a
Ficiton
942
_c
BK
366
_f
20
245
_a
Mistaken Identity
260
_b
Modern Classics
_c
2007
082
_a
808.83/SAH
_b
SAH
300
_a
239
546
_a
ENGLISH
999
_c
27331
_d
27331